| 000 | 00552nam a22001697a 4500 | ||
|---|---|---|---|
| 003 | OSt | ||
| 005 | 20260327124701.0 | ||
| 008 | 260327b |||||||| |||| 00| 0 eng d | ||
| 040 | _cLOC | ||
| 082 |
_a270.82 _bKUH |
||
| 100 | _aKuhlin Julia | ||
| 245 | _aLived Pentecostalism in India: Middle Class Women and Their Everyday Religion | ||
| 260 |
_aSweden _bUppsala University _c2022 |
||
| 500 | _aChristian context and women’s lived religious experience. | ||
| 650 | _2Christian context and women’s lived religious experience. | ||
| 942 |
_2ddc _cBK _n0 |
||
| 999 |
_c23704 _d23704 |
||